LIBRARY & INFORMATION CENTRE, KCAET, TAVANUR

ONLINE PUBLIC ACCESS CATALOGUE (OPAC)

Keats / (Record no. 8593)

MARC details
000 -LEADER
fixed length control field 00393cam a2200169ua 4500
041 ## - LANGUAGE CODE
Language code of text/sound track or separate title eng
082 ## - DEWEY DECIMAL CLASSIFICATION NUMBER
Classification number 828.09
Item number GAR/KE
100 ## - MAIN ENTRY--AUTHOR NAME
Personal name Garrod, H W .
245 ## - TITLE STATEMENT
Title Keats /
250 ## - EDITION STATEMENT
Edition statement 2 /
260 ## - PUBLICATION, DISTRIBUTION, ETC. (IMPRINT)
Place of publication London :
Name of publisher Oxford University Press ,
Year of publication 1962.
300 ## - PHYSICAL DESCRIPTION
Number of Pages 155 ; .
942 ## - ADDED ENTRY ELEMENTS (KOHA)
Koha item type Books
Holdings
Withdrawn status Lost status Damaged status Home library Current library Date acquired Full call number Accession Number Koha item type
Withdrawn     KAUAET KAUAET 07/04/2012 828.09 5089 Books
Withdrawn     KAUAET Sanskrit University 07/04/2012 828.09 11904 Books
free website counter